Potreba zmyslu života (Tézy k pojmu "Wille zum Sinn" u Viktora E. Frankla)
Výklad pojmu "vôľa k zmyslu" sformulovaný v 22 tézach podľa Viktora E. Frankla.
Na minha lista:
| Autor principal: | |
|---|---|
| Formato: | Capítulo de Livro |
| Idioma: | eslovaco |
| Assuntos: | |
| Tags: |
Sem tags, seja o primeiro a adicionar uma tag!
|
MARC
| LEADER | 00000naa$a2200000$$$4500 | ||
|---|---|---|---|
| 001 | 0026240 | ||
| 005 | 20231016110456.5 | ||
| 041 | 0 | |a slo | |
| 044 | |a SK | ||
| 245 | 1 | 0 | |a Potreba zmyslu života |b (Tézy k pojmu "Wille zum Sinn" u Viktora E. Frankla) |c Peter Tavel |
| 520 | |a Výklad pojmu "vôľa k zmyslu" sformulovaný v 22 tézach podľa Viktora E. Frankla. | ||
| 610 | 2 | 0 | |a filozofia |
| 610 | 2 | 0 | |a antropológia |
| 610 | 2 | 0 | |a psychológia |
| 610 | 2 | 0 | |a pojmy |
| 610 | 2 | 0 | |a obsah |
| 100 | 1 | |a Tavel, Peter | |